| 000 | 00645nam a2200253 a 4500 | ||
|---|---|---|---|
| 001 | 34484 | ||
| 003 | AR-BaAGN | ||
| 005 | 20231116150308.0 | ||
| 007 | ta | ||
| 008 | 220625s2008 ag |||||r|||| ||||||spa d | ||
| 020 | _a978-950-24-1223-8 | ||
| 040 |
_dAR-BaAGN _aAR-BaAGN _bspa _eaacr |
||
| 100 | 1 | _aAmbrosetti, Juan Bautista | |
| 245 | 1 | 0 | _aViajes a misiones por Juan Bautista Ambrosetti |
| 250 | _a1ª ed. | ||
| 260 |
_aBuenos Aires : _bAlbatros, _c2008. |
||
| 300 | _a320 páginas | ||
| 336 |
_2rdacontent _btxt |
||
| 337 |
_2rdamedia _bn |
||
| 338 |
_2rdacarrier _bnc |
||
| 650 | 4 |
_aVIAJES _92021 |
|
| 942 | _cLIBRO | ||
| 999 |
_c34484 _d34484 |
||